College Quizbowl Stats
College Quizbowl Stats
Circuits
Seasons
Sets
Records
Detailed Stats
About
Loading...
2024 ACF Fall at Washington
Tossups
Bonuses
Players
Teams
Categories (Tossup)
Categories (Bonus)
Ryan Zhang
UBC B
Categories
Category
Powers
Gets
Negs
BBs
Points
Earliest Buzz
Avg. Buzz
First Buzzes
Top 3 Buzzes
History - European History
0
3
0
0
30
45
52.00
1
2
History - American History
0
1
0
0
10
17
17.00
1
1
History - Other History
0
1
0
1
10
91
91.00
0
1
Religion
0
0
1
0
-5
0.00
0
0
Buzzes
Category
Answer
Value
Buzz Position
History - American History
Ulysses S. Grant
10
17
History - European History
Justinian I
10
45
Religion
Christmas
-5
48
History - European History
Lisbon
10
49
History - European History
sinking of the RMS Titanic
10
62
History - Other History
Babylon
10
91
Previous
1
Next